All Incorporated Municipalities of Jefferson County, Pennsylvania - Statistics

General Stats
  • This quiz has been taken 8 times
  • The average score is 16 of 34
Answer Stats
Answer % Correct
Punxsutawney
100%
Big Run
67%
Brockway
67%
Brookville
67%
Falls Creek
67%
Porter
67%
Reynoldsville
67%
Summerville
67%
Sykesville
67%
Union
67%
Washington
67%
Winslow
67%
Barnett
33%
Beaver
33%
Bell
33%
Clover
33%
Corsica
33%
Eldred
33%
Gaskill
33%
Heath
33%
Henderson
33%
Knox
33%
McCalmont
33%
Oliver
33%
Perry
33%
Pine Creek
33%
Polk
33%
Ringgold
33%
Rose
33%
Snyder
33%
Timblin
33%
Warsaw
33%
Worthville
33%
Young
33%
No matching quizzes found
Score Distribution
Percent of People with Each Score
Percentile by Number Answered
Your Score History
You have not taken this quiz